[Event "Regionalliga SO 0809"]
[Site "Bayern"]
[Date "2008.10.05"]
[Round "1.7"]
[White "Wolf, Dietrich Hans"]
[Black "Reichert, Leif"]
[Result "1/2-1/2"]
[WhiteElo "1938"]
[BlackElo "2143"]
[PlyCount "62"]
[EventDate "2008.10.05"]
[EventType "team-tourn"]
[EventRounds "9"]
[EventCountry "GER"]
[SourceTitle "EXT 2020"]
[Source "ChessBase"]
[SourceDate "2019.10.17"]
[SourceVersion "1"]
[SourceVersionDate "2019.10.17"]
[SourceQuality "1"]
[WhiteTeam "Freising"]
[BlackTeam "Graefelfing"]
[WhiteTeamCountry "GER"]
[BlackTeamCountry "GER"]

1. e4 c5 2. Nf3 d6 3. d4 cxd4 4. Nxd4 Nf6 5. Nc3 Nc6 6. Bg5 e6 7. Qd2 a6 8. 0-0-0 h6 9. Be3 Bd7 10. f4 b5 11. Bd3 Qc7 12. Kb1 Na5 13. Qe2 b4 14. e5 bxc3 15. exf6 Qb7 16. b3 gxf6 17. Qh5 Nc6 18. Be4 d5 19. Nxc6 Bxc6 20. Bf3 Be7 21. Bd4 Qb4 22. Rhe1 Bd7 23. Bxd5 Rc8 24. Bxe6 Bxe6 25. Rxe6 Qa3 26. Rxe7+ Kxe7 27. Bxf6+ Kxf6 28. Qe5+ Kg6 29. Rd6+ Kh7 30. Qf5+ Kg7 31. Qg4+ Kh7 1/2-1/2

[Event "Regionalliga SO 0506"]
[Site "Bayern"]
[Date "2005.10.23"]
[Round "1.3"]
[White "Kampert, Andreas"]
[Black "Reichert, Leif"]
[Result "1/2-1/2"]
[WhiteElo "2076"]
[BlackElo "2197"]
[PlyCount "71"]
[EventDate "2005.10.23"]
[EventType "team-tourn"]
[EventRounds "9"]
[EventCountry "GER"]
[SourceTitle "EXT 2007"]
[Source "ChessBase"]
[SourceDate "2006.11.23"]
[SourceVersion "1"]
[SourceVersionDate "2006.11.23"]
[SourceQuality "1"]
[WhiteTeam "Ilmmuenster"]
[BlackTeam "Graefelfing SK"]
[WhiteTeamCountry "GER"]
[BlackTeamCountry "GER"]

1. e4 c5 2. Nf3 d6 3. d4 cxd4 4. Nxd4 Nf6 5. Nc3 Nc6 6. Be2 e5 7. Nf3 h6 8. 0-0 Be7 9. Bc4 0-0 10. h3 a6 11. a4 Qc7 12. Qe2 Bd7 13. Be3 Rac8 14. Bd5 Nb4 15. Bb3 b6 16. Nd2 Be6 17. Rfc1 Qb7 18. Bxe6 fxe6 19. Nc4 Nxe4 20. Qg4 Nxc3 21. bxc3 Nd5 22. Qxe6+ Kh7 23. Nxd6 Qc6 24. Rd1 Nxe3 25. fxe3 Bxd6 26. Qxd6 Qxc3 27. Qxb6 Qxc2 28. Qxa6 Rf2 29. Qd3+ e4 30. Qxc2 Rcxc2 31. a5 Rxg2+ 32. Kh1 Rh2+ 33. Kg1 Rxh3 34. a6 Rg3+ 35. Kh1 Rh3+ 36. Kg1 1/2-1/2

[Event "Regionalliga SO 0405"]
[Site "Bayern"]
[Date "2004.12.12"]
[Round "4.2"]
[White "Reichert, Leif"]
[Black "Prediger, Rupert"]
[Result "0-1"]
[WhiteElo "2213"]
[BlackElo "2175"]
[PlyCount "42"]
[EventDate "2004.10.24"]
[EventType "team-tourn"]
[EventRounds "9"]
[EventCountry "GER"]
[SourceTitle "EXT 2007"]
[Source "ChessBase"]
[SourceDate "2006.11.23"]
[SourceVersion "1"]
[SourceVersionDate "2006.11.23"]
[SourceQuality "1"]
[WhiteTeam "Graefelfing"]
[BlackTeam "Dorfen PSV"]
[WhiteTeamCountry "GER"]
[BlackTeamCountry "GER"]

1. c4 c5 2. Nf3 Nf6 3. Nc3 b6 4. g3 Bb7 5. Bg2 e6 6. 0-0 d6 7. d4 cxd4 8. Qxd4 a6 9. b3 Nbd7 10. Ng5 Bxg2 11. Kxg2 Be7 12. Nge4 Qc7 13. Rd1 0-0 14. Nxd6 Rad8 15. b4 Nb8 16. c5 Nc6 17. Qc4 Nxb4 18. Qxb4 bxc5 19. Qb7 Bxd6 20. Qxa6 Be5 21. Bb2 Ra8 0-1

[Event "Landesliga Sued 0102"]
[Site "Bayern"]
[Date "2002.02.03"]
[Round "5.3"]
[White "Reichert, Leif"]
[Black "Schuster, Karsten"]
[Result "1-0"]
[WhiteElo "2215"]
[BlackElo "2140"]
[PlyCount "93"]
[EventDate "2001.10.07"]
[EventType "team-tourn"]
[EventRounds "9"]
[EventCountry "GER"]
[SourceTitle "EXT 2003"]
[Source "ChessBase"]
[SourceDate "2002.11.25"]
[SourceVersion "1"]
[SourceVersionDate "2002.11.25"]
[SourceQuality "1"]
[WhiteTeam "Graefelfing"]
[BlackTeam "Tuerkheim/Bad Woerishofen"]
[WhiteTeamCountry "GER"]
[BlackTeamCountry "GER"]

1. c4 Nf6 2. Nc3 e6 3. e4 d5 4. e5 d4 5. exf6 dxc3 6. bxc3 Qxf6 7. Nf3 c5 8. d4 cxd4 9. Bg5 Qf5 10. cxd4 Bb4+ 11. Bd2 Qa5 12. Bd3 Nc6 13. Rb1 Bxd2+ 14. Qxd2 Qxd2+ 15. Kxd2 0-0 16. Be4 Na5 17. c5 f5 18. Bd3 Bd7 19. Rhe1 Rad8 20. Kc3 Rf6 21. Ne5 Rh6 22. h3 g5 23. Nc4 Nxc4 24. Bxc4 Bc6 25. Rxe6 Rxe6 26. Bxe6+ Kh8 27. d5 Rxd5 28. Bxd5 Bxd5 29. g3 Kg7 30. Kd4 Bg2 31. Ke5 Kg6 32. Rd1 g4 33. h4 Be4 34. Rd6+ Kg7 35. h5 a5 36. h6+ Kf7 37. Rd7+ Kg6 38. Rd6+ Kg5 39. Rb6 a4 40. Rb4 Bc6 41. a3 Kxh6 42. Kxf5 Kh5 43. Kf6 h6 44. Rd4 b5 45. cxb6 Be4 46. Rxa4 Bf5 47. b7 1-0

[Event "Landesliga Sued 0102"]
[Site "Bayern"]
[Date "2002.01.20"]
[Round "4.3"]
[White "Schuette, Manfred"]
[Black "Reichert, Leif"]
[Result "1/2-1/2"]
[WhiteElo "2215"]
[BlackElo "2215"]
[PlyCount "87"]
[EventDate "2001.10.07"]
[EventType "team-tourn"]
[EventRounds "9"]
[EventCountry "GER"]
[SourceTitle "EXT 2003"]
[Source "ChessBase"]
[SourceDate "2002.11.25"]
[SourceVersion "1"]
[SourceVersionDate "2002.11.25"]
[SourceQuality "1"]
[WhiteTeam "Bayern Muenchen II"]
[BlackTeam "Graefelfing"]
[WhiteTeamCountry "GER"]
[BlackTeamCountry "GER"]

1. c4 c5 2. Nc3 Nf6 3. Nf3 b6 4. g3 Bb7 5. Bg2 e6 6. 0-0 Be7 7. d4 cxd4 8. Qxd4 d6 9. Rd1 a6 10. b3 Nbd7 11. Bb2 0-0 12. h3 Re8 13. g4 h6 14. Qf4 Qc7 15. h4 Nf8 16. Qg3 Ng6 17. h5 Nf8 18. Ne1 Rac8 19. Rac1 N8h7 20. Nd3 Ng5 21. f3 Qb8 22. Nf2 Qa8 23. Bf1 d5 24. cxd5 exd5 25. Na4 Rxc1 26. Rxc1 b5 27. Nc5 Rc8 28. Nxb7 Qxb7 29. Rxc8+ Qxc8 30. Qe5 Bf8 31. Qc3 Qb8 32. Kg2 Ne6 33. Nd3 Qb6 34. Qc8 Nh7 35. Qd7 Qe3 36. Qxd5 Nhg5 37. Qe5 Qd2 38. Qc3 Qe3 39. Qc1 Qb6 40. Qc8 Kh7 41. Qc2 Kg8 42. Qc8 a5 43. Bc1 Qd4 44. Bd2 1/2-1/2

[Event "Landesliga Sued 0102"]
[Site "Bayern"]
[Date "2001.11.25"]
[Round "3.3"]
[White "Reichert, Leif"]
[Black "Joerg, Harald"]
[Result "1/2-1/2"]
[WhiteElo "2215"]
[BlackElo "2235"]
[PlyCount "98"]
[EventDate "2001.10.07"]
[EventType "team-tourn"]
[EventRounds "9"]
[EventCountry "GER"]
[SourceTitle "EXT 2003"]
[Source "ChessBase"]
[SourceDate "2002.11.25"]
[SourceVersion "1"]
[SourceVersionDate "2002.11.25"]
[SourceQuality "1"]
[WhiteTeam "Graefelfing"]
[BlackTeam "Muenchen Siemens"]
[WhiteTeamCountry "GER"]
[BlackTeamCountry "GER"]

1. c4 e6 2. Nf3 d5 3. g3 Nf6 4. Bg2 Be7 5. 0-0 0-0 6. b3 c5 7. cxd5 exd5 8. d4 Nc6 9. Bb2 Bg4 10. Nbd2 Rc8 11. dxc5 Bxc5 12. Rc1 Be7 13. Re1 Qa5 14. a3 Rfd8 15. b4 Qb6 16. Qb3 Ne4 17. e3 Be6 18. Qa4 Nxd2 19. Nxd2 a6 20. Nf3 Bd7 21. Qb3 Be6 22. Nd4 Nxd4 23. Bxd4 Qb5 24. h4 Qd7 25. Bf3 Rc4 26. Be2 Rxc1 27. Rxc1 Rc8 28. Qb2 Bf8 29. Rc3 Rxc3 30. Qxc3 Qc8 31. Qxc8 Bxc8 32. Bf3 Be6 33. Kf1 Bd6 34. Ke2 g6 35. Kd3 Bc7 36. a4 Kf8 37. Bf6 Ke8 38. a5 Bd6 39. Bc3 Kd7 40. Kd4 Kc6 41. e4 dxe4 42. Bxe4+ Kc7 43. Bd2 Kc8 44. h5 Ba2 45. f4 Be6 46. Kc3 Bf8 47. Be3 Bd6 48. Bc5 Bc7 49. Kd4 Ba2 1/2-1/2

[Event "Landesliga Sued 0102"]
[Site "Bayern"]
[Date "2001.11.11"]
[Round "2.3"]
[White "Hiermann, Dietmar"]
[Black "Reichert, Leif"]
[Result "0-1"]
[WhiteElo "2250"]
[BlackElo "2215"]
[PlyCount "84"]
[EventDate "2001.10.07"]
[EventType "team-tourn"]
[EventRounds "9"]
[EventCountry "GER"]
[SourceTitle "EXT 2003"]
[Source "ChessBase"]
[SourceDate "2002.11.25"]
[SourceVersion "1"]
[SourceVersionDate "2002.11.25"]
[SourceQuality "1"]
[WhiteTeam "Waldkirch"]
[BlackTeam "Graefelfing"]
[WhiteTeamCountry "GER"]
[BlackTeamCountry "GER"]

1. e4 c5 2. Nc3 d6 3. f4 g6 4. Nf3 Bg7 5. Bc4 Nc6 6. 0-0 e6 7. d3 Nge7 8. Qe1 0-0 9. f5 d5 10. Bb3 dxe4 11. f6 Bxf6 12. Nxe4 Bg7 13. c3 b6 14. Bg5 f6 15. Bf4 Nd5 16. Bd2 Nce7 17. Rd1 a5 18. d4 cxd4 19. Nxd4 a4 20. Bc2 e5 21. Nb5 Bg4 22. Rc1 Qd7 23. c4 Nc7 24. Nbc3 Be6 25. b3 axb3 26. axb3 Nf5 27. Ne2 Ra2 28. Rf3 Kh8 29. Bc3 Rd8 30. Bb1 Rxe2 31. Qxe2 Nd4 32. Bxd4 Qxd4+ 33. Kh1 Bg4 34. h3 Bxf3 35. Qxf3 Ne6 36. Re1 f5 37. Nf2 e4 38. Qe2 Nf4 39. Qa2 Qc3 40. Rf1 Qg3 41. Nxe4 fxe4 42. Bxe4 Nxh3 0-1

[Event "Landesliga Sued 0102"]
[Site "Bayern"]
[Date "2001.10.07"]
[Round "1.3"]
[White "Reichert, Leif"]
[Black "Heiduczek, Josef"]
[Result "1-0"]
[WhiteElo "2215"]
[BlackElo "2220"]
[PlyCount "73"]
[EventDate "2001.10.07"]
[EventType "team-tourn"]
[EventRounds "9"]
[EventCountry "GER"]
[SourceTitle "EXT 2003"]
[Source "ChessBase"]
[SourceDate "2002.11.25"]
[SourceVersion "1"]
[SourceVersionDate "2002.11.25"]
[SourceQuality "1"]
[WhiteTeam "Graefelfing"]
[BlackTeam "Pfarrkirchen SC"]
[WhiteTeamCountry "GER"]
[BlackTeamCountry "GER"]

1. c4 f5 2. g3 d6 3. Bg2 g6 4. Nc3 Bg7 5. Rb1 e5 6. e3 Nf6 7. Nge2 0-0 8. 0-0 c6 9. b4 Be6 10. d3 d5 11. f4 e4 12. b5 Bf7 13. bxc6 bxc6 14. cxd5 cxd5 15. Nd4 Qd7 16. Na4 Rc8 17. Rb5 Na6 18. Bd2 Bf8 19. Qa1 Rab8 20. Ra5 Nb4 21. Nb3 Ne8 22. dxe4 dxe4 23. Rd1 Nd3 24. Qd4 Qxd4 25. Nxd4 Rc7 26. g4 Nd6 27. gxf5 Bxa2 28. Nc3 Bf7 29. Nxe4 Nc4 30. fxg6 Bxg6 31. Ng5 Ndb2 32. Bd5+ Kh8 33. Rc1 Rbc8 34. Nde6 Nxd2 35. Rxc7 Rxc7 36. Nxc7 Nbc4 37. Rxa7 1-0

[Event "Landesliga Sued 0001"]
[Site "Bayern"]
[Date "2001.03.11"]
[Round "7"]
[White "Reichert, Leif"]
[Black "Walch, Ingo"]
[Result "1-0"]
[WhiteElo "1854"]
[BlackElo "1974"]
[PlyCount "38"]
[EventDate "2000.10.15"]
[EventType "team-tourn"]
[EventRounds "9"]
[EventCountry "GER"]
[SourceTitle "EXT 2020"]
[Source "ChessBase"]
[SourceDate "2019.10.17"]
[SourceVersion "1"]
[SourceVersionDate "2019.10.17"]
[SourceQuality "1"]
[WhiteTeam "Graefelfing SK"]
[BlackTeam "Pfarrkirchen SC"]
[WhiteTeamCountry "GER"]
[BlackTeamCountry "GER"]

1. c4 g6 2. Nc3 e5 3. g3 Bg7 4. Bg2 d6 5. Rb1 a5 6. e3 Nc6 7. d3 f5 8. Nge2 Nf6 9. 0-0 0-0 10. b3 Nh5 11. Nd5 h6 12. f4 Ne7 13. fxe5 dxe5 14. Ba3 Bf6 15. d4 e4 16. Bxe4 fxe4 17. Rxf6 Nxf6 18. Bxe7 Bh3 19. Bxd8 Nxd5 1-0

[Event "Landesliga Sued 0001"]
[Site "Bayern"]
[Date "2000.12.10"]
[Round "3"]
[White "Joerg, Harald"]
[Black "Reichert, Leif"]
[Result "0-1"]
[WhiteElo "2195"]
[BlackElo "1854"]
[PlyCount "42"]
[EventDate "2000.10.15"]
[EventType "team-tourn"]
[EventRounds "9"]
[EventCountry "GER"]
[SourceTitle "EXT 2020"]
[Source "ChessBase"]
[SourceDate "2019.10.17"]
[SourceVersion "1"]
[SourceVersionDate "2019.10.17"]
[SourceQuality "1"]
[WhiteTeam "Muenchen Siemens"]
[BlackTeam "Graefelfing SK"]
[WhiteTeamCountry "GER"]
[BlackTeamCountry "GER"]

1. e4 c5 2. f4 d6 3. Nf3 Nc6 4. Nc3 Nf6 5. Bb5 Bd7 6. 0-0 g6 7. d3 Bg7 8. e5 dxe5 9. fxe5 Ng4 10. e6 Bxe6 11. Ng5 Bd4+ 12. Kh1 0-0 13. Nxe6 fxe6 14. Rxf8+ Qxf8 15. Ne4 Qf5 16. Bxc6 Rf8 17. g3 bxc6 18. Bd2 Bxb2 19. Rb1 Bd4 20. Qe2 Qh5 21. Re1 Rf2 0-1

[Event "Landesliga Sued 0001"]
[Site "Bayern"]
[Date "2000.10.15"]
[Round "1"]
[White "Jergler, Karl Heinz"]
[Black "Reichert, Leif"]
[Result "0-1"]
[WhiteElo "2140"]
[BlackElo "1854"]
[PlyCount "77"]
[EventDate "2000.10.15"]
[EventType "team-tourn"]
[EventRounds "9"]
[EventCountry "GER"]
[SourceTitle "EXT 2020"]
[Source "ChessBase"]
[SourceDate "2019.10.17"]
[SourceVersion "1"]
[SourceVersionDate "2019.10.17"]
[SourceQuality "1"]
[WhiteTeam "Dorfen PSV"]
[BlackTeam "Graefelfing SK"]
[WhiteTeamCountry "GER"]
[BlackTeamCountry "GER"]

1. e4 c5 2. c3 Nf6 3. e5 Nd5 4. d4 cxd4 5. Nf3 e6 6. cxd4 d6 7. exd6 Bxd6 8. Nc3 0-0 9. Bd3 Nf6 10. 0-0 b6 11. Ne4 Bb7 12. Bg5 Be7 13. Qe2 Nbd7 14. Bxf6 Nxf6 15. Nxf6+ Bxf6 16. Be4 Qe7 17. Rad1 Rac8 18. Rfe1 g6 19. g3 Rfd8 20. h4 h5 21. Ne5 Bxe5 22. dxe5 Bxe4 23. Qxe4 Rc5 24. Qe2 Rxd1 25. Rxd1 Qc7 26. f4 Rc2 27. Rd2 Qc5+ 28. Kh2 Rc1 29. Qf2 Rd1 30. Rc2 Qd5 31. Qg2 Qxa2 32. Rd2 Rxd2 33. Qxd2 Qd5 34. Qc2 Kg7 35. b3 a5 36. Qc3 Qd1 37. Qc4 Qd2+ 38. Kh3 Qd5 39. Qc2 0-1

[Event "Regionalliga SW 9899"]
[Site "Bayern"]
[Date "1999.??.??"]
[Round "6.8"]
[White "Reichert, Leif"]
[Black "Epple, Ulrich"]
[Result "1-0"]
[WhiteElo "1854"]
[BlackElo "1605"]
[PlyCount "81"]
[EventDate "1998.??.??"]
[EventType "team-tourn"]
[EventRounds "9"]
[EventCountry "GER"]
[SourceTitle "EXT 2020"]
[Source "ChessBase"]
[SourceDate "2019.10.17"]
[SourceVersion "1"]
[SourceVersionDate "2019.10.17"]
[SourceQuality "1"]
[WhiteTeam "Muenchen Suedost"]
[BlackTeam "Tuerkheim"]
[WhiteTeamCountry "GER"]
[BlackTeamCountry "GER"]

1. c4 Nf6 2. Nc3 g6 3. e4 d6 4. d4 Bg7 5. Be2 0-0 6. Nf3 e5 7. 0-0 Nc6 8. d5 Ne7 9. Ne1 Nd7 10. Nd3 f5 11. Bd2 Nf6 12. f3 f4 13. c5 g5 14. cxd6 cxd6 15. Rc1 Ng6 16. Nb5 Qb6+ 17. Nf2 Rf7 18. a4 Bf8 19. Bb4 h5 20. h3 Qd8 21. Rc3 a6 22. Na3 a5 23. Rxc8 Rxc8 24. Be1 Nd7 25. Nd3 Nc5 26. Nxc5 Rxc5 27. Bf2 Rc8 28. Nc4 Be7 29. Bb6 Qe8 30. Bxa5 Nf8 31. Nb6 Ra8 32. Nxa8 Qxa8 33. Be1 Bd8 34. Bf2 Qa5 35. Qb3 b6 36. Rc1 Rc7 37. Rc6 Rxc6 38. dxc6+ Kg7 39. Bc4 Qa7 40. Qd1 Kf6 41. Qxd6+ 1-0

[Event "Regionalliga SW 9899"]
[Site "Bayern"]
[Date "1999.??.??"]
[Round "5.7"]
[White "Reichert, Leif"]
[Black "Hutter, Otto"]
[Result "0-1"]
[WhiteElo "1854"]
[BlackElo "1920"]
[PlyCount "68"]
[EventDate "1998.??.??"]
[EventType "team-tourn"]
[EventRounds "9"]
[EventCountry "GER"]
[SourceTitle "EXT 2020"]
[Source "ChessBase"]
[SourceDate "2019.10.17"]
[SourceVersion "1"]
[SourceVersionDate "2019.10.17"]
[SourceQuality "1"]
[WhiteTeam "Muenchen Suedost"]
[BlackTeam "Augsburg SG 1873"]
[WhiteTeamCountry "GER"]
[BlackTeamCountry "GER"]

1. Nf3 Nf6 2. c4 e6 3. g3 d5 4. b3 Be7 5. Bg2 0-0 6. 0-0 Ne4 7. Bb2 c6 8. d3 Nd6 9. Nbd2 Nd7 10. Qc2 f6 11. Nd4 Ne5 12. Bh3 Kf7 13. f4 Ng6 14. cxd5 exd5 15. Bg2 Kg8 16. e4 dxe4 17. dxe4 Qa5 18. N4f3 Nf7 19. Nc4 Qc7 20. f5 Nge5 21. Ncxe5 fxe5 22. Rfd1 Bd7 23. Bf1 b5 24. Kg2 c5 25. Rxd7 Qxd7 26. Rd1 Qc6 27. Nxe5 Nxe5 28. Bxe5 Rad8 29. Re1 Rd7 30. a4 a6 31. axb5 axb5 32. Kg1 Bg5 33. Qe2 c4 34. bxc4 Qc5+ 0-1